000 00355nam a22001337a 4500
999 _c8101
_d8102
008 190710b ||||| |||| 00| 0 eng d
082 _aPOL.SCI CAP NO.111
100 _aLhundup, Kinley
245 _aSocial media and youth in Thimphu
260 _aThimphu ;
_bRoyal Thimphu College,
_c2019.
300 _a16 p.
_c30 cm.
650 _aCapstone
942 _2ddc